000
00268nam a22001217a 4500
003
SGT
082
_a
618.2
_b
M15S
100
_a
SOOD, MINI
245
_a
MASTERING PRACTICAL OBST. & GYNECOLOGY
260
_a
INDIA
_b
WOLTER
_c
2015
300
_a
228
942
_2
ddc
_c
BK
_0
4
999
_c
14950
_d
14950